| 000 | 00873nam a22002177a 4500 | ||
|---|---|---|---|
| 005 | 20180426112359.0 | ||
| 010 | _a1718EN-30 ENG-122673 | ||
| 020 |
_a9789386042217 _c350.00 |
||
| 035 | _aB-682435-453 EN-106205 | ||
| 037 |
_bAakar/Ven. _adpl |
||
| 037 | _bDBAD/PUB. | ||
| 082 | _a954 | ||
| 100 | _aKosambi, Damodar Dharmanand | ||
| 245 |
_aAn introducation to the study of Indian history / _cby Damodar Dharmanand Kosambi |
||
| 260 |
_aNew Delhi _bSAGE Publications _c2016 |
||
| 270 |
_aB1/I-1 Mohan Cooperative Industrial Area, Mathura Road _bNew Delhi _e110044 |
||
| 300 |
_axxiv,234p.: _c24cm(pbk) _bill. |
||
| 500 | _aIncludes index | ||
| 942 |
_2ddc _cEN _mKOS _h954 |
||
| 999 |
_c144287 _d144287 |
||